00490nam a22001457a 4500020001500000082001500015100001900030245009500049260002800144300000800172650002500180942000700205952011500212999001700327 a1569571201 a294.34 GYA aGyatso, Tenzin aA Flash Of Lightning In The Dark Of Night: A Guid To The Buddhisattva's Way Of Life Life aBostonbSHAMBHALAc1999 a141 aBuddhism - Doctorins cBK 00104070aHMIbHMIcGENd2015-09-15g195.00l2m1o294.34 GYAp24915r2016-10-03s2016-04-06w2026-01-16yBK c19748d19748